Loading...
| Current Events | 3 | 23.33 | 100% | 67% | 67% |
| Fine Arts - Classical Music | 7 | 12.86 | 100% | 29% | 0% |
| Fine Arts - Other Fine Arts | 6 | 10.00 | 83% | 17% | 0% |
| Geography | 2 | 15.00 | 100% | 50% | 0% |
| History - American History | 6 | 25.00 | 100% | 100% | 50% |
| History - European History | 8 | 21.25 | 100% | 88% | 25% |
| History - Other History | 5 | 20.00 | 100% | 60% | 40% |
| History - World History | 5 | 20.00 | 80% | 100% | 20% |
| Literature - American Literature | 7 | 12.86 | 100% | 29% | 0% |
| Literature - British Literature | 6 | 16.67 | 100% | 67% | 0% |
| Literature - European Literature | 1 | 20.00 | 100% | 100% | 0% |
| Literature - World Literature | 4 | 15.00 | 100% | 50% | 0% |
| Mythology | 5 | 26.00 | 100% | 100% | 60% |
| Painting/Sculpture | 9 | 13.33 | 100% | 33% | 0% |
| Philosophy | 5 | 16.00 | 100% | 60% | 0% |
| Pop Culture | 2 | 20.00 | 100% | 50% | 50% |
| Religion | 4 | 20.00 | 100% | 75% | 25% |
| Science - Biology | 4 | 22.50 | 100% | 50% | 75% |
| Science - Chemistry | 8 | 22.50 | 100% | 88% | 38% |
| Science - Other Science | 5 | 18.00 | 100% | 60% | 20% |
| Science - Physics | 6 | 25.00 | 100% | 83% | 67% |
| Social Science | 7 | 12.86 | 100% | 0% | 29% |